Music Quiz

Random Music or Album Quiz

Florence + the Machine Songs Quiz Stats

 Plays Quiz not verified by Sporcle

Challenge
Share
Tweet
Embed
Score 0/54 Timer 10:00
0 Plays Today
Album Song % Correct
Lungs (2009)Dog Days Are Over
98.6%
Lungs (2009)Rabbit Heart (Raise It Up)
95.8%
Ceremonials (2011)Shake It Out
94.4%
How Big, How Blue, How Beautiful (2015)Ship to Wreck
93.7%
Ceremonials (2011)What The Water Gave Me
90.1%
How Big, How Blue, How Beautiful (2015)How Big, How Blue, How Beautiful
89.4%
How Big, How Blue, How Beautiful (2015)What Kind of Man
88.7%
How Big, How Blue, How Beautiful (2015)Queen of Peace
88.7%
Lungs (2009)Kiss With a Fist
88%
Lungs (2009)Cosmic Love
87.3%
Ceremonials (2011)Only If For a Night
85.9%
Lungs (2009)You've Got the Love
85.2%
How Big, How Blue, How Beautiful (2015)Delilah
85.2%
Lungs (2009)Drumming Song
84.5%
How Big, How Blue, How Beautiful (2015)St Jude
83.8%
Ceremonials (2011)Never Let Me Go
83.1%
Ceremonials (2011)Seven Devils
82.4%
Snow White & the Huntsman: Original Motion Picture Soundtrack (2012)Breath of Life
82.4%
How Big, How Blue, How Beautiful (2015)Mother
81.7%
Lungs (2009)Between Two Lungs
80.3%
Ceremonials (2011)Spectrum
80.3%
How Big, How Blue, How Beautiful (2015)Third Eye
79.6%
Ceremonials (2011)No Light, No Light
78.9%
How Big, How Blue, How Beautiful (2015)Long & Lost
78.9%
How Big, How Blue, How Beautiful (2015)Which Witch (Demo)
78.9%
Lungs (2009)Hurricane Drunk
76.8%
Ceremonials (2011)Breaking Down
76.8%
Album Song % Correct
Lungs (2009)Howl
76.1%
Lungs (2009)My Boy Builds Coffins
76.1%
Ceremonials (2011)Lover To Lover
76.1%
Ceremonials (2011)Heartlines
75.4%
Lungs (2009)Girl With One Eye
73.9%
How Big, How Blue, How Beautiful (2015)Various Storms & Saints
73.9%
The Great Gatsby: Music from Baz Luhrmann's Film (2013)Over the Love
72.5%
Lungs (2009)Blinding
70.4%
Lungs (2009)Falling
70.4%
Lungs (2009)Bird Song
69.7%
Lungs (2009)I'm Not Calling You a Liar
68.3%
Ceremonials (2011)All This and Heaven Too
68.3%
How Big, How Blue, How Beautiful (2015)Caught
67.6%
Lungs (2009)Swimming
66.2%
Ceremonials (2011)Leave My Body
65.5%
Ceremonials (2011)Bedroom Hymns
64.8%
Lungs (2009)Heavy In Your Arms
63.4%
How Big, How Blue, How Beautiful (2015)Hiding
62.7%
Ceremonials (2011)Strangeness and Charm
61.3%
How Big, How Blue, How Beautiful (2015)Make Up Your Mind
60.6%
Lungs (2009)Hardest of Hearts
55.6%
Ceremonials (2011)Landscape (Demo)
50%
18 Months (2012)Sweet Nothing
49.3%
Ceremonials (2011)Remain Nameless
47.2%
How Big, How Blue, How Beautiful (2015)Conductor
43.7%
How Big, How Blue, How Beautiful (2015)Pure Feeling
40.8%
How Big, How Blue, How Beautiful (2015)As Far as I Could Get
39.4%

You're not logged in!

Compare scores with friends on all Sporcle quizzes.
Join for Free
OR
Log In

You Might Also Like...

Show Comments

Extras

Created Sep 1, 2015ReportNominate
Tags:Album Quiz, Song Quiz, machine

Top Quizzes Today


Score Distribution

Your Account Isn't Verified!

In order to create a playlist on Sporcle, you need to verify the email address you used during registration. Go to your Sporcle Settings to finish the process.

Report this User

Report this user for behavior that violates our Community Guidelines.

Details: